00719nam a2200193Ia 4500008004100000020001800041082001200059100002200071245008300093250000800176260007000184300003300254500001900287600003300306650001600339942000700355952014600362999001700508240925s9999 xx 000 0 und d a9780070681880 a511 ROS aRosen, Kenneth H. 0aDiscrete mathematics and its applications: with Combinatorics and graph theory a7th aNew Delhi:bMcGraw Hill Education (India) Private Limitedc,2015. axxviii, 1010p.bNAfOriginal aIncludes Index aHumanities & Natural Science aMathematics cBK 001040708HUMaUITUbUITUd2016-03-03eAfzal Rauf News Agencyg1025.00l1o511 ROSpQ10783r2026-04-21 12:14:01s2026-04-09w2024-09-25yBK c13282d13282